banner-ar

بناء دولة مصر محمد على / (Record no. 61283)

MARC details
000 -الفاتح
حقل البيانات ثابتة الطول 01220nam a22002657a 4500
005 - وقت وتاريخ اخر تعامل مع التسجيلة
رقم الضبط 20240530110452.0
008 - عناصر البيانات ثابتة الطول - معلومات عامة
حقل البيانات ثابتة الطول 150516s2009 ua a f 000 0 ara d
017 ## - رقم الايداع القانونى
رقم الايداع القانونى 2009/9933
المصدر ( الهيئة المختصة) مصر . دار الكتب المصرية
020 ## - الرقم الدولى المعيارى للكتب
الرقم الدولى المعيارى للكتاب 9771806327
040 ## - مصدر الفهرسة
وكالة الفهرسة الأصلية EG-CaGPL
082 04 - رقم تصنيف ديوى العشرى
رقم الطبعة 21
رقم التصنيف 962.031
رقم المادة ق/م ب
100 0# - المدخل الرئيسى - إسم شخصى
الإسم الشخصى محمد فؤاد شكرى .
245 10 - بيان العنوان
العنوان بناء دولة مصر محمد على /
بيان المسئوليه,etc تاليف محمد فؤاد شكرى ، عبدالمقصود العنانى ، سيد محمد خليل ؛ تقديم عبدالخالق خليل .
250 ## - بيان الطبعة
بيان الطبعة ط1.
260 ## - PUBLICATION, DISTRIBUTION, ETC. (IMPRINT)
تاريخ النشر أو التوزيع 2009.
300 ## - الوصف المادى
التعداد 2 ج ؛
أبعاد الوعاء 24 سم .
650 04 - المدخل الاضافى بالموضوع-مصطلح موضوعى
مصطلح موضوعي مصر
التقسيم الفرعي العام تاريخ
التقسيم الفرعي الزمني العصر الحديث
التقسيم الفرعي الجغرافي عصر محمد على ( 1805 - 1849 م )
650 04 - المدخل الاضافى بالموضوع-مصطلح موضوعى
مصطلح موضوعي الضرائب
التقسيم الفرعي الزمني عصر محمد على.
651 04 - المدخل الاضافى بالموضوع - اسم جغرافى
الاسم الجغرافي مصر
التقسيم الفرعي العام الاحوال السياسية
التقسيم الفرعي الزمني عصر محمد على.
700 0# - المدخل الاضافى - اسم شخصى
الإسم الشخصى عبدالمقصود العنانى
الدور مؤلف مشارك .
700 0# - المدخل الاضافى - اسم شخصى
الإسم الشخصى عبدالخالق لاشين
الدور مقدم .
700 0# - المدخل الاضافى - اسم شخصى
الإسم الشخصى سيد محمد خليل
الدور مؤلف مشارك .
942 ## - عناصر المدخل الإضافي( كوها)
مصدر التصنيف او مخطط الترفيف Dewey Decimal Classification
Koha [default] item type كتاب
260 ## - PUBLICATION, DISTRIBUTION, ETC. (IMPRINT)
-- القاهرة :
-- دار الكتب والوثائق القومية ،
Holdings
حالة التراجع حالة الفقد حالة تلف ليس للاعارة المكان المؤقت الموقع الحالى تاريخ الاكتساب اجمالي اﻻعارات رقم الطلب الباركود تاريخ اخر مشاهدة تاريخ تفعيل السعر نوع وعاء كوها
        مكتبة القاهرة الكبرى مكتبة القاهرة الكبرى 05/16/2015   962.031 ق/م ب 160543 05/16/2015 05/16/2015 كتاب
        مكتبة القاهرة الكبرى مكتبة القاهرة الكبرى 05/16/2015   962.031 ق/م ب 160544 05/16/2015 05/16/2015 كتاب

Powered By

EGPV